Match the TV Spinoff Quiz Stats

 Plays Quiz Updated Oct 4, 2019

Score 0/15 Timer 06:00
11 Plays Today
Question Answer Wrong Answers
Frasier Cheers
88.6%
The Lone Ranger
0.6%
NewsRadio
4.7%
Full House
1.5%
Rhoda The Mary Tyler Moore Show
78.6%
Murphy Brown
7.6%
Murder, She Wrote
2.8%
Veep
6.2%
Xena: Warrior Princess Hercules: The Legendary Journeys
76.4%
Marco Polo
4.6%
Spartacus
5.8%
Wonder Woman
8.5%
Angel Buffy the Vampire Slayer
75.7%
True Blood
6.4%
The Vampire Diaries
9.9%
The Addams Family
3.1%
Knots Landing Dallas
71.1%
Sisters
10.8%
Three's Company
7.3%
Hot in Cleveland
5.6%
The Facts of Life Diff'rent Strokes
69.5%
Roseanne
7.8%
Charlie's Angels
5.9%
Student Bodies
11.7%
Mork & Mindy Happy Days
69.3%
Alf
17.7%
3rd Rock from the Sun
2.8%
The Odd Couple
5.6%
Daria Beavis & Butt-Head
68.7%
Pepper Ann
18.5%
Futurama
5.7%
South Park
2.4%
The Andy Griffith Show The Danny Thomas Show
66%
The Honeymooners
21.8%
Chips
4.8%
TJ Hooker
2.6%
The Jeffersons All in the Family
65.8%
The Brady Bunch
1.9%
Good Times
23.4%
Julia
4.2%
NCIS JAG
56.4%
Law & Order
13.6%
Criminal Minds
15.3%
NYPD Blue
9.8%
Saved by the Bell Good Morning, Miss Bliss
54.6%
Welcome Back, Kotter
14.3%
Boy Meets World
21.5%
Clueless
4.8%
Empty Nest The Golden Girls
45.9%
Everybody Loves Raymond
10.6%
Modern Family
7.7%
Growing Pains
30.8%
Diagnosis Murder Jake and the Fatman
44%
ER
31.5%
Scrubs
6.6%
Laverne & Shirley
12.9%
Family Matters Perfect Strangers
33.6%
Sanford & Son
13.8%
The Fresh Prince of Bel-Air
33.9%
Benson
14.2%

You're not logged in!

Compare scores with friends on all Sporcle quizzes.
OR
Log In

Sporcle TV

Today on Sporcle TV


Watch our educational content, quiz creation guides, and fun videos on Sporcle TV.

Show Comments

Extras

Top Quizzes Today


Score Distribution

Your Account Isn't Verified!

In order to create a playlist on Sporcle, you need to verify the email address you used during registration. Go to your Sporcle Settings to finish the process.

Report this User

Report this user for behavior that violates our Community Guidelines.

Details: